00944cam a2200265 a 450000100100000000500170001000800410002704000300006804300090009808200180010724500920012526000390021730000250025649000110028150400740029265000260036665000300039270000340042270000280045683000180048491000280050204900090053095201220053999900170066100001737820200929165108.0780202s1976 ja b 000 0 eng d aDO-SdBNPcDLCdDLCdBNPHU aa-ja a895.65bA652m00aApproaches to the modern Japanese novel /ceditado por Kinya Tsuruta & Thomas E. Swann. aTokyo :bSophia University,c1976. aii, 244 p. ;c21 cm.1 aSophia aIncluye referencias bibliográficas y notas al pie de las páginas. 4aNovela japonesa94300 4aLiteratura japonesa943011 aTsuruta, Kinya,d1932-9380511 aSwann, Thomas E.938052 0aSophia938053 aCatalogación derivada aBNGR 001053728MOaGRbGRcCTd2010-03-23iLF1l0o895.65 A652mp17378-10r2020-06-25te. 1w2020-06-25y1ZNo se presta c16903d16903